LEADER 01020cam0 2200277 450 001 E600200028382 005 20240506081601.0 100 $a20070719d2005 |||||ita|0103 ba 101 $aita 102 $aIT 200 1 $aVariae$fCassiodoro Senatore$gintroduzione, traduzione e note di Lorenzo Viscido 210 $aCosenza$cL. Pellegrini$d[2005] 215 $a269 p.$d22 cm 225 2 $aCollana di cultura calabrese tardoantica e medievale$v1 410 1$1001LAEC00023744$12001 $a*Collana di cultura calabrese tardoantica e medievale$v1 700 1$aCassiodorus$b, Flavius Magnus Aurelius$3A600200042730$4070$0452596 702 1$aViscido, Lorenzo$3A600200042731$4070 801 0$aIT$bUNISOB$c20240506$gRICA 850 $aUNISOB 852 $aUNISOB$j870$m134947 912 $aE600200028382 940 $aM 102 Monografia moderna SBN 941 $aM 957 $a870$b001150$gSi$d134947$rdono$1catenacci$2UNISOB$3UNISOB$420070719094740.0$520160506111748.0$6catenaccif 996 $aVariae$918137 997 $aUNISOB